|
|
|
|
| LEADER |
00000nab a2200000 a 4500 |
| 001 |
vtls009181281 |
| 003 |
SK-MaSNL |
| 005 |
20260303200210.0 |
| 008 |
140513c1964 xo |r|p|||||||000 b|slo |
| 015 |
|
|
|a SNBRB2008/02
|2 snkbucl
|
| 038 |
|
|
|a SNKBUCL
|
| 040 |
|
|
|a SNKBUCL
|b slo
|c SNKBUCL
|e AACR2
|
| 041 |
0 |
|
|a slo
|
| 044 |
|
|
|a xo
|c SK
|
| 080 |
|
|
|a 811.162.4`271
|2 2001
|
| 080 |
|
|
|a 81`271:811.162.4
|2 2001
|
| 100 |
1 |
|
|a Horák, Gejza,
|d 1919-2003
|4 aut
|9 104508
|
| 245 |
1 |
0 |
|a Čakáreň - "čakálňa"
|c G. Horák
|
| 650 |
0 |
7 |
|a slovenčina
|2 snkbucl
|9 1350
|
| 650 |
0 |
7 |
|a jazyková kultúra
|2 snkbucl
|9 1395
|
| 773 |
0 |
|
|t Slovenská reč
|g Roč. 29, č. 5 (1964), s. 319
|
| 852 |
|
|
|a SNK
|b KIS3GCP
|
| 958 |
|
|
|a SK
|
| 999 |
|
|
|c 2167021
|d 2168951
|